LEADER 02189nam 2200589 450 001 9910478914003321 005 20170822123910.0 010 $a1-4704-2030-9 035 $a(CKB)3710000000393419 035 $a(EBL)3114321 035 $a(SSID)ssj0001456719 035 $a(PQKBManifestationID)11785251 035 $a(PQKBTitleCode)TC0001456719 035 $a(PQKBWorkID)11434717 035 $a(PQKB)10087629 035 $a(MiAaPQ)EBC3114321 035 $a(PPN)185868592 035 $a(EXLCZ)993710000000393419 100 $a20150416h20142014 uy 0 101 0 $aeng 135 $aur|n|---||||| 181 $ctxt 182 $cc 183 $acr 200 10$aQuasi-linear perturbations of Hamiltonian Klein-Gordon equations on spheres /$fJ.-M. Delort 210 1$aProvidence, Rhode Island :$cAmerican Mathematical Society,$d2014. 210 4$d©2014 215 $a1 online resource (80 p.) 225 1 $aMemoirs of the American Mathematical Society,$x1947-6221 ;$vVolume 234, Number 1103 (third of 5 numbers) 300 $aDescription based upon print version of record. 311 $a1-4704-0983-6 320 $aIncludes bibliographical references. 327 $a""Cover""; ""Title page""; ""Chapter 0. Introduction""; ""Chapter 1. Statement of the main theorem""; ""Chapter 2. Symbolic calculus""; ""Chapter 3. Quasi-linear Birkhoff normal forms method""; ""Chapter 4. Proof of the main theorem""; ""A. Appendix""; ""Bibliography""; ""Back Cover"" 410 0$aMemoirs of the American Mathematical Society ;$vVolume 234, Number 1103 (third of 5 numbers) 606 $aHamiltonian systems 606 $aKlein-Gordon equation 606 $aWave equation 606 $aSphere 608 $aElectronic books. 615 0$aHamiltonian systems. 615 0$aKlein-Gordon equation. 615 0$aWave equation. 615 0$aSphere. 676 $a516/.156 700 $aDelort$b Jean-Marc$f1961-$059558 801 0$bMiAaPQ 801 1$bMiAaPQ 801 2$bMiAaPQ 906 $aBOOK 912 $a9910478914003321 996 $aQuasi-linear perturbations of Hamiltonian Klein-Gordon equations on spheres$92035973 997 $aUNINA LEADER 01078nam0 22002531i 450 001 UON00093269 005 20231205102520.704 100 $a20020107d1980 |0itac50 ba 101 $aita 102 $aIT 105 $a|||| ||||| 200 1 $aPAPIRI dell'Universitą di Genova (PUG II)$fLivia Migliardi Zingale 210 $aFirenze$cEdizioni Gonelli$d1980 90 p. ; 32 cm 410 1$1001UON00087305$12001 $aPapyrologica florentina$fa cura di Rosario Pintaudi$1210 $aFirenze$cEdizioni Gonnelli$d1976- .$vVI 620 $aIT$dFirenze$3UONL000052 686 $aT PAP II$cPAPYROLOGICA FLORENTINA$2A 702 1$aMIGLIRDI ZINGALE$bLivia$3UONV060115 712 $aEdizioni Gonnelli$3UONV259536$4650 801 $aIT$bSOL$c20240220$gRICA 899 $aSIBA - SISTEMA BIBLIOTECARIO DI ATENEO$2UONSI 912 $aUON00093269 950 $aSIBA - SISTEMA BIBLIOTECARIO DI ATENEO$dSI T PAP II 001 $eSI MC 4676 7 001 996 $aPAPIRI dell'Universitą di Genova (PUG II$91305537 997 $aUNIOR LEADER 03179oas 2201225 a 450 001 9910145988403321 005 20260126212739.0 011 $a1434-6036 035 $a(DE-599)ZDB1459068-2 035 $a(DE-599)1459068-2 035 $a(OCoLC)39166276 035 $a(CONSER) 2004233447 035 $a(CKB)954925624277 035 $a(EXLCZ)99954925624277 100 $a19980323a19989999 sy 101 0 $aeng 135 $aurmnu|||||||| 181 $ctxt$2rdacontent 182 $cc$2rdamedia 183 $acr$2rdacarrier 200 14$aThe European physical journal$hB 210 $aHeidelberg $cSpringer-Verlag Heidelberg$d©1998- 210 3 $aLes Ulis, France $cEDP Sciences $cSpringer-Verlag 300 $aRefereed/Peer-reviewed 300 $aRecognized by the European Physical Society. 300 $aTitle from pdf image of running title (Springer LINK, viewed Apr. 2, 2004). 311 08$a1434-6028 517 1 $aEuropean physical journal. 517 3 $aCondensed matter 517 1 $aEPJ. 517 1 $aEPJB 517 1 $aEur. phys. j. 517 1 $aCondensed matter and complex systems 531 0 $aEur. phys. j., B Cond. matter complex syst. 606 $aCondensed matter$vPeriodicals 606 $aPhysics$vPeriodicals 606 $aPhysics 606 $aMatie?re condense?e$vPe?riodiques 606 $aPhysique$vPe?riodiques 606 $aphysics$2aat 606 $aCondensed matter$2fast$3(OCoLC)fst00874443 606 $aPhysics$2fast$3(OCoLC)fst01063025 606 $a33.60 condensed matter: general$2nbc 606 $aMatie?re condense?e$vPe?riodiques$2rvm 606 $aPhysique$vPe?riodiques$2rvm 608 $aperiodicals.$2aat 608 $aPeriodicals.$2fast 608 $aPeriodicals.$2lcgft 608 $aPe?riodiques.$2rvmgf 615 0$aCondensed matter 615 0$aPhysics 615 2$aPhysics 615 6$aMatie?re condense?e 615 6$aPhysique 615 7$aphysics. 615 7$aCondensed matter. 615 7$aPhysics. 615 7$a33.60 condensed matter: general. 615 7$aMatie?re condense?e 615 7$aPhysique 676 $a530.4105 712 02$aEuropean Physical Society 712 02$aSocieta? italiana di fisica 801 0$bRBN 801 1$bRBN 801 2$bMYG 801 2$bRBN 801 2$bOCL 801 2$bOCLCQ 801 2$bTWT 801 2$bGUA 801 2$bOCLCQ 801 2$bMUQ 801 2$bDLM 801 2$bOCLCQ 801 2$bOCL 801 2$bCLU 801 2$bOCLCQ 801 2$bOCLCO 801 2$bOCLCQ 801 2$bBUF 801 2$bOCLCF 801 2$bDKDLA 801 2$bOCLCO 801 2$bOCLCQ 801 2$bOCLCO 801 2$bLGG 801 2$bOCLCQ 801 2$bAU@ 801 2$bVT2 801 2$bOCLCQ 801 2$bDLC 801 2$bNJT 801 2$bHS0 801 2$bOCLCO 801 2$bOCLCQ 801 2$bUEJ 801 2$bSRU 801 2$bSUC 801 2$bOCLCL 801 2$bOCLCQ 906 $aJOURNAL 912 $a9910145988403321 996 $aThe European physical journal$91896345 997 $aUNINA